Lindemann + Till Lindemann Songs - Statistics

General Stats
  • This quiz has been taken 15 times
  • The average score is 25 of 44
Answer Stats
Hint Answer % Correct
F&M steh auf
100%
Skills In Pills fish on
90%
Skills In Pills Golden shower
90%
Skills In Pills Skills in Pills
90%
F&M blut
80%
Skills In Pills fat
80%
F&M frau und mann
80%
F&M ich weiss es nicht
80%
Skills In Pills praise abort
80%
Zunge Ich hasse Kinder
70%
single ich hasse kinder
70%
F&M knebel
70%
Skills In Pills ladyboy
70%
F&M platz eins
70%
Zunge schweiss
70%
Zunge Sport frei
70%
Zunge tanzlehrerin
70%
Zunge ubers meer
70%
Zunge Zunge
70%
Skills In Pills cowboy
60%
F&M gummi
60%
Skills In Pills home sweet home
60%
F&M mathematik
60%
Zunge prostitution
60%
Skills In Pills yukon
60%
Zunge altes fleisch
50%
Skills In Pills children of the sun
50%
Zunge du hast kein herz
50%
Zunge entre dos tierras
50%
Zunge lollipop
50%
Zunge Nass
50%
Zunge und die engel singen
50%
F&M ach so gern
40%
Zunge lecker
40%
Zunge meine welt
40%
F&M ach so gern - pain version
30%
Zunge Alles fur die kinder
30%
F&M schlaf ein
30%
F&M wer weiss das schon
30%
single alle tage ist kein sonntag
20%
Fish on G spot micheal
20%
Skills In Pills thats my heart
20%
F&M allesfesser
10%
Zunge selbest verliebt
0%
No matching quizzes found
Score Distribution
Percent of People with Each Score
Percentile by Number Answered
Your Score History
You have not taken this quiz